000 01217namaa2200325 i 4500
003 EG-GICUC
005 20250517120020.0
008 250517s2010 ua ||||jr|||| 000 0 ara d
017 _a2007 / 11348
_bدار الكتب والوثائق القومية (مصر)
020 _a9774373448
040 _aEG-GiCUC
_bara
_cEG-GiCUC
_dEG-GiCUC
_erda
043 _ama-----
082 0 4 _221
_a809
_bA442n
092 0 4 _221
_a809
_bA442n
099 _a809 A442n
100 1 _aعلوش، سعيد،
_eمؤلف.
245 1 0 _aنقد ثقافى ام حداثة سلفية ؟ /
_cسعيد غلوش
250 _aالطبعة الاولى
264 _aالقاهرة :
_bالمجلس الاعلى للثقافة،
_c2010
300 _a221 صفحة ؛
_c24 سم
336 _2rdacontent
_atext
337 _2rdamedia
_aUnmediated
338 _2rdacarrier
_avolume
504 _aيشتمل على ارجاعات ببليوجرافية
541 _aد. جابر عصفور ؛
_bالقاهرة ؛
_cإهداء ؛
_d2024.
650 1 _aالنقد الادبى
_2qrmak
651 1 _2qrmak
_aالعالم العربى
_xالاحوال الثقافية
_yالقرن العشرين
905 _aAmira
942 _2ddc
_cBK
_e21
_n0
999 _c172124
_d172124